Capital of Countries with Four Letters - Statistics

General Stats
  • This quiz has been taken 34 times
  • The average score is 7 of 10
Answer Stats
Continent Country % Correct
South America Lima
97%
Africa Lomé
78%
Oceania Suva
78%
Asia Baghdad
72%
Asia Tehran
72%
North America Havana
69%
Asia Muscat
63%
Africa N'Djamena
63%
Africa Bamako
59%
Asia Vientiane
59%
No matching quizzes found
Score Distribution
Percent of People with Each Score
Percentile by Number Answered
Your Score History
You have not taken this quiz